000 00318nam a2200133Ia 4500
005 20251222144754.0
008 251222s9999||||xx |||||||||||||| ||spa||
020 _a84-277-1377-0
082 _a370.154/A32
100 _aAgueda Marujo, Helena
245 0 _aPedagogĂ­a del Optimismo:
264 _bNarcea
942 _cLIB
999 _c19443
_d19443